Liderlik geliştirme el kitabı (Record no. 3424)

MARC details
000 -BAŞLIK
Sabit Uzunlukta Kontrol Alanı 00631na a2200229 4500
001 - KONTROL NUMARASI
Denetim Alanı 13167
003 - KONTROL NUMARASI IDENTIFIER
Denetim Alanı MIRAKIL
005 - SON İŞLEM TARİHİ VE ZAMANI
Denetim Alanı 20181213154931.0
008 - SABİT-BOY VERİ ELEMANLARI - GENEL BİLGİLER
Sabit Uzunlukta Kontrol Alanı 161025b tu 000 0
035 ## - SİSTEM KONTROL NUMARASI
Sistem Kontrol Numarası 13167
040 ## - KATALOGLAMA KAYNAK
Orijinal Kataloglama Ajansı Milas
Kataloglama Dili tur
Metne Dönüştürmek Ajansı TR-AnCHP
082 ## - DEWEY ONLU SINIFLANDIRMA NUMARASI
Sınıflandırma Numarası 658.409
Ürün Numarası G74l 1999
090 ## - SINIFLAMA NUMARASI
Sınıflama Numarası 658.409 G74l 1999
100 ## - ANA GİRİŞ - KİŞİSEL İSİM
Kişisel Ad Gökalp, Süha Ziya
245 ## - BAŞLIK TABLOSU
Başlık Liderlik geliştirme el kitabı
Sorumluluk Tablosu, Vb Süha Ziya Gökalp
260 ## - YAYIN, DAĞITIM, VB
Yayın, Dağıtım, Vb Yeri İstanbul
Yayıncı, Dağıtıcı, Vs Adı Gendaş
Yayın, Dağıtım, Vb Tarihi 1999
300 ## - FİZİKSEL TANIM
Kapsam 132 s.
Boyutlar 20 sm.
500 ## - GENEL NOT
Genel Not Yapıt yazarından imzalıdır.
650 ## - KONU KATMA GİRİŞ - TOPİKAL DÖNEM
Topikal Süreli Veya Coğrafi Ad Giriş Elemanı Liderlik
Genel Alt Bölümü Yönetim
650 ## - KONU KATMA GİRİŞ - TOPİKAL DÖNEM
Topikal Süreli Veya Coğrafi Ad Giriş Elemanı Liderlik
Genel Alt Bölümü El kitapları, vb.
942 ## - EKLENDİ GİRİŞ ELEMANLARI (KOHA)
Sınıflandırma Veya Raf Düzeni Kaynak Dewey Decimal Classification
Koha Öğesi Türü Books
999 ## - SİSTEM KONTROL NUMARALARI (KOHA)
Koha Biblionumber 3424
Koha Biblioitemnumber 3424
Holdings
Kalıcı Konum Mevcut Konum Edinme Tarihi Edinim Kaynak Toplam Check-Out'Lar Tam Çağrı Numarası Barkod Tarih Son Görülme İtibaren Geçerli Fiyatlar Koha Öğesi Türü
CHP Kütüphanesi CHP Kütüphanesi 08/09/2016 Bağış   658.409 G74l 1999 000683 08/09/2016 08/09/2016 Books